000 01394aam a2200325 i 4500
001 768714001
003 CO-MdFUSB
005 20240930102716.0
007 ta
008 240930t19802008-us |||| |||| 00| 0 spa d
020 _a9780311420063
040 _cCO-MdFUSB
041 0 _aspa
082 0 4 _a251.7
_223
_bSP772
100 1 _aSpurgeon, C. H. (Charles Haddon) (1834-1892)
_eautor
245 1 0 _aDiscursos a mis estudiantes
_c/ Carlos Haddon Spurgeon ; prólogo por Luis Palau
250 _adécimo octava edición
264 1 _bCasa Bautista de Publicaciones,
_aEstados Unidos :
_c[2008]
264 4 _c©1980
300 _a335 páginas
_c; 19 cm
336 _atexto
_btxt
_2rdacontent
337 _2rdamedia
_asin mediación
_bn
338 _2rdacarrier
_avolumen
_bnc
505 _aLa vigilancia que de sí mismo debe tener el ministro. -- La vocación al ministerio. -- La oración privada del predicador. -- Nuestra oración pública. -- Sermones: su asunto. -- Sobre la elección de un texto. -- Modo de espiritualizar. -- Sobre la voz. -- Sobre la atención. -- El don de hablar espontáneamente. -- Descaecimiento de ánimo del ministro. -- Conducta del ministro en su vida ordinaria. -- A los que cuentan con escasos útiles para trabajar.
563 _aRústico
650 7 _aSermones
_9283
700 _aPalau, Luis,
_96118
_eprologuista
942 _cBK
945 _aJTF-925
999 _c38525
_d38525